| 000 | 00837nam a22002057a 4500 | ||
|---|---|---|---|
| 999 |
_c11916 _d11916 |
||
| 003 | AR-CdUCM | ||
| 008 | 190405b ||||| |||| 00| 0 spa d | ||
| 040 |
_aMUNICIPALIDAD PROVINCIAL DEL CUSCO _cBIBLIOTECA MUNICIPAL DEL CUSCO |
||
| 082 |
_a987.091 / _bS19 / 1925 |
||
| 100 |
_aSánchez, Luis Alberto _9401 |
||
| 245 | _aSobre las huellas del libertador / | ||
| 260 |
_aLima : _bLibrería Francesa y Casa Editorial F. y E. Rosay, _c1925. |
||
| 300 |
_a179 paginas ; _c20 cm. |
||
| 505 | _aContenido :El pobre colon --Amores de libertador --Una conquista del libertador --El libertador en Cali --Paréntesis --Camino de caudillo --Un poco de historia colombiana ... | ||
| 650 |
_aAmérica del Sur _9742 |
||
| 650 |
_aHistoria _9136 |
||
| 650 |
_aGuerras de la Independencia _93034 |
||
| 942 |
_2ddc _cLIBROS |
||
| 945 |
_arjall _d2019-04-05 |
||